000 00712nam a2200289Ia 4500
005 20260324140903.0
008 008 260324s9999 xx 000 0 eng d
020 _a9780429451430
037 _aEBOOK
040 _aCRL
040 _beng
040 _cCRL
041 _2eng
041 _aeng
084 _qCRL
100 _aVassilis Fouskas
_91161378
245 0 _aItaly, Europe, The Left
245 4 _bThe Transformation of Italian Communism and the European Imperative
260 _bTaylor and Francis
260 _c1998
365 _a
365 _b180
856 _uhttp://www.taylorfrancis.com/books/9780429451430
942 _cEBOOK
999 _c1808642
_d1808642